000 00733nam a22002297a 4500
005 20170124110010.0
010 _aA-936410
020 _c00.00
_a8186030395
035 _aA-936410
037 _bCen Lib/Ret
040 _aDPL
_bEN
082 _a370.71
_bSRI
100 _aSrivastava, R.C.
_917670
245 _aTeacher education in india :
_cby R.C. Srivastava
_bissues & perspectives /
260 _bRegency Publications
_aNew Delhi
_c1997
270 _bNew Delhi
_aold market west patel nagar
_e110008
300 _av, 143p.
_c21cm(Hb)
500 _aIncludes bibliographical references and index
650 _aEducation
_91169
650 _aTeachers education
_917671
942 _2ddc
_cEN
_h370.71
_mSRI
999 _c126492
_d126492